[Event "Bermuda-A"]
[Site "Bermuda"]
[Date "1995.??.??"]
[Round "6"]
[White "Vescovi, Giovanni P"]
[Black "Polgar, Sofia"]
[Result "1/2-1/2"]
[WhiteElo "2465"]
[BlackElo "2500"]
[Annotator "Hansen,Cu"]
[PlyCount "69"]
[EventDate "1995.01.??"]
[EventType "tourn"]
[EventRounds "9"]
[EventCountry "BER"]
[EventCategory "10"]
[SourceTitle "CBM 046"]
[Source "ChessBase"]
[SourceDate "1995.06.01"]
[SourceVersion "1"]
[SourceVersionDate "1995.06.01"]
[SourceQuality "1"]

1. d4 d5 2. c4 e6 3. Nc3 c6 4. Nf3 Nf6 5. Bg5 dxc4 6. e4 b5 7. e5 h6 8. Bh4 g5
9. exf6 gxh4 10. Ne5 Qxf6 11. Be2 Bb7 (11... Bb4 12. Bf3 Bb7 13. O-O Bxc3 14.
bxc3 a6 15. Re1 Rg8 16. Bh5 Rg7 17. Ng4 Qe7 18. Qd2 Rg5 19. Rxe6 Qxe6 20. Re1
$16 {Dietze,F-Schoen,W/BL/1987/}) (11... Bg7 12. a4 b4 (12... Bb7 $5) 13. Ne4
Qe7 14. O-O (14. f4 $5 O-O 15. Bxc4 $16) 14... O-O 15. f4 Rd8 $2 (15... f5 $8
16. Nc5 Na6 $13 {Moskalenko}) 16. Bxc4 f5 17. Nc5 Rd6 18. Qb3 $16 {
Moskalenko-Shabalov/USSR/1988/}) (11... c5 12. Nxb5 cxd4 13. Nc7+ Kd8 14. Ng4
Qg7 15. Nxa8 Bb7 16. Qa4 $16 {Prange-Deppe/Germany/1991/}) (11... Bd6 12. Ne4
Bb4+ 13. Kf1 Qe7 14. a3 Ba5 15. Bh5 O-O 16. Qg4+ Kh7 17. Bxf7 {1-0 Petursson,
M-Isler,P/Bern (1) 1992}) 12. Bh5 (12. Bf3 a6 13. a4 Nd7 (13... Bd6 14. axb5
axb5 15. Rxa8 Bxa8 16. O-O Bxe5 17. dxe5 Qxe5 18. Re1 Qc7 19. Qd4 Rf8 20. Ne4
$16 {Pein,M-Holland,C/London LB/1990/}) 14. Nxd7 $6 Kxd7 15. axb5 axb5 16. Rxa8
Bxa8 17. Qa1 Bb4 18. Qa7+ Kd6 19. O-O $44 {Schoen-Crouch/London/1987/}) 12...
Rh7 13. Bf3 (13. O-O Nd7 14. Ne4 Qf5 15. Nxd7 Kxd7 16. Nc5+ Bxc5 17. dxc5+ Ke8
18. Qe2 Rd8 19. Rad1 Rg7 20. Rxd8+ Kxd8 21. Rd1+ Kc8 22. Bf3 Qxc5 $17 {Muse,
M-Ruehrig,W/FRG-ch/1987/}) 13... Nd7 14. Nxc6 {/\Nxb5} a6 15. O-O {/\16.Nd5! +-
} Rc8 {><c7} 16. Ne5 (16. Nd5 $2 Qg7 $17) 16... Bxf3 17. Nxf3 $44 {עe8} Rg7
18. Qe2 {/\Rad1,Rfe1,d4-d5} Be7 19. Rad1 Kf8 20. Rfe1 Qg6 21. g3 hxg3 22. fxg3
Nf6 $6 {><e5} (22... Kg8 $5 $13) 23. Kh1 Qh5 {/\Rxg3} 24. Qg2 {/\Ne5,Qb7} b4
25. Re5 Qg4 (25... Qg6) 26. Na4 Nd5 $13 27. Qe2 Bd6 28. Re4 Qh5 29. Rh4 Qg6 30.
Nc5 {קc4, /\Nd7-e5} Rd8 31. Nb7 Rd7 32. Nxd6 Rxd6 33. Qxc4 (33. Ne5 Qg5 34.
Qxc4 Kg8 35. Rg4 $16) 33... Kg8 34. Rc1 $6 (34. Ne5) 34... Rd8 $14 35. Rf1 {
Hansen,Cu} 1/2-1/2

[Event "Elenite"]
[Site "Elenite"]
[Date "1993.??.??"]
[Round "9"]
[White "Nikolic, Predrag"]
[Black "Khenkin, Igor"]
[Result "1/2-1/2"]
[WhiteElo "2625"]
[BlackElo "2570"]
[Annotator "Hansen,Cu"]
[PlyCount "67"]
[EventDate "1993.??.??"]
[EventType "tourn"]
[EventRounds "11"]
[EventCountry "BUL"]
[EventCategory "14"]
[SourceTitle "CBM 038"]
[Source "ChessBase"]
[SourceDate "1994.02.01"]
[SourceVersion "1"]
[SourceVersionDate "1994.02.01"]
[SourceQuality "1"]

1. d4 d5 2. c4 c6 3. Nf3 Nf6 4. Nc3 e6 5. Bg5 dxc4 6. e4 b5 7. e5 h6 8. Bh4 g5
9. Nxg5 hxg5 10. Bxg5 Nbd7 11. g3 Rg8 12. Bxf6 (12. h4 {0,5/Pergericht,
D-Muller,K/Praha/1990/} Rxg5 13. hxg5 Nd5 14. g6 fxg6 15. Qg4 (15. Rh7 Be7 (
15... Qa5 16. Qf3 Kd8 17. Bh3 Bb4 18. Kf1 $1 Bxc3 19. Bxe6 $16 {Knaak,
R-Tischbierek,R/DDR/1981/}) 16. Bh3 Nf8 17. Rg7 Nxc3 18. bxc3 Qd5 19. Qg4 Qh1+
20. Bf1 Qh6 $17 {Schoen,W-Muller,K/BL/1990/}) 15... Qe7 (15... Qa5 16. Qxe6+
Kd8 17. Bg2 $1 Nxc3 18. Kf1 $1 $16 {Knaak,R-Van der Wiel,J/Lugano/1989/}) 16.
Qxg6+ (16. Bg2 Qf7 17. Be4 Ne7 18. O-O-O Ba6 19. Ne2 Bg7 20. Nf4 Nf8 $15 {
Beljavski,A-Kramnik,V/Linares/1993/}) 16... Qf7 17. Qxf7+ Kxf7 18. Bg2 (18.
O-O-O Nxc3 19. bxc3 Nb6 (19... Ba3+ 20. Kc2 Nf8 21. Bg2 Bd7 22. f4 Rb8 $13 {
Arbakov,V-Savchenko,S/USSR/1989/}) 20. Re1 Bd7 $13 {Knaak,R-Hertneck,G/Potsdam/
1988/}) 18... Bb4 (18... N7b6 19. Ne4 Bd7 20. Ke2 Bg7 21. Nd6+ Kg8 22. Rh5 $1
$16 {Yusupov,A-Chekhov,V/USSR/1980/}) (18... Nxc3 19. bxc3 Rb8 20. Bxc6 Bb7 21.
Rh7+ Kg6 22. Rxd7 Bxc6 23. Rxa7 $16 {Shirov,A-Stisis,Y-London LB/1991/}) 19.
O-O-O Bxc3 20. bxc3 Nf8 21. Bxd5 $16 {Knaak,R-Kallai/Kalimanesti/1984/}) (12.
Bh4 Bb7 (12... Qa5 13. exf6 Ba6 14. a3 O-O-O 15. Bg2 Nc5 16. O-O Nd3 17. Qf3
Bb7 18. b4 Qc7 19. Qe4 Bd6 20. Rfd1 a5 $13 {Magerramov,E-Savchenko,S/Helsinki
op/1992/}) (12... Qb6 13. exf6 e5 14. Qe2 b4 15. Ne4 Ba6 16. O-O-O O-O-O $13 {
Vilela,J-Chekhov,V/Halle/1981/}) 13. Bg2 Qc7 14. exf6 O-O-O 15. Qf3 b4 16. Ne2
Nb6 $13 {Magerramov,E-Savchenko,S/Rostov op/1993/}) 12... Nxf6 13. exf6 Qxf6
14. Bg2 Bb7 15. Nxb5 (15. a4 O-O-O 16. axb5 cxb5 17. Bxb7+ Kxb7 18. Nxb5 Bb4+
19. Kf1 (19. Nc3 Rxd4 20. Qe2 Qf5 21. O-O Rgd8 22. Nd1 $1 $14 {Rogers,I-Kuijf,
R/Wijk/1987/}) 19... a5 20. Kg2 Rg5 21. Qa4 e5 $17 {Novikov,I-Dreev,A/Bern op/
1993/}) 15... cxb5 (15... O-O-O 16. Nxa7+ Kc7 17. O-O Ra8 18. Nxc6 Bxc6 19.
Bxc6 Kxc6 20. Qe2 Kd7 21. Qxc4 Ra5 22. d5 Rxd5 23. Qa4+ Ke7 24. Rac1 Qf5 {
0,5/Beljavski,A-Piket,J/Thessaloniki ol/1988/}) 16. Bxb7 Bb4+ 17. Kf1 Rd8 18.
Qf3 (18. Bc6+ Ke7 19. Bxb5 Rxd4 $44) 18... Qxf3 19. Bxf3 Rxd4 20. Kg2 (20. Bc6+
Ke7 21. Bxb5 Rb8 $10) 20... Rd2 (20... Ke7 21. a4 $14) 21. Bc6+ Ke7 22. Bxb5
Bc5 23. Rhf1 Rb8 24. a4 a6 25. Bxc4 Rbxb2 26. Bxa6 e5 27. Rad1 Rxf2+ 28. Rxf2
Rxf2+ 29. Kh3 f5 30. Bb5 Bb4 {><e1, /\e5-e4-e3-e2} 31. Rf1 Rxf1 32. Bxf1 Kf6
33. Bb5 e4 34. Kg2 1/2-1/2

[Event "Dos Hermanas"]
[Site "Dos Hermanas"]
[Date "1995.??.??"]
[Round "7"]
[White "Piket, Jeroen"]
[Black "Illescas Cordoba, Miguel"]
[Result "1-0"]
[WhiteElo "2670"]
[BlackElo "2595"]
[Annotator "Hansen,Cu"]
[PlyCount "103"]
[EventDate "1995.04.??"]
[EventType "tourn"]
[EventRounds "9"]
[EventCountry "ESP"]
[EventCategory "18"]
[SourceTitle "CBM 047"]
[Source "ChessBase"]
[SourceDate "1995.08.01"]
[SourceVersion "1"]
[SourceVersionDate "1995.08.01"]
[SourceQuality "1"]

1. d4 {Ftacnik} d5 2. c4 c6 3. Nc3 Nf6 4. Nf3 e6 5. Bg5 dxc4 6. e4 b5 7. e5 h6
8. Bh4 g5 9. Nxg5 hxg5 10. Bxg5 Nbd7 11. exf6 Bb7 12. g3 c5 13. d5 Qb6 14. Bg2
O-O-O 15. O-O b4 16. Rb1 (16. dxe6 Bxg2 17. e7 Bxf1 18. Nd5 Qb7 19. exd8=Q+
Kxd8 20. Kxf1 Rxh2 21. Kg1 Rh8 22. Qf3 Bd6 $13 {ECO} 23. Rd1 (23. Qe4 $142 Nb6
$140 $2 24. Nc3 $16 {Tatai}) 23... Be5 24. Qe2 $2 (24. Qe4) 24... c3 $1 25.
bxc3 bxc3 26. Qe4 $8 c2 $1 27. Qxc2 Bd4 28. Qe4 $1 (28. Qb3 Nb6 $1 $19) 28...
Re8 29. Qh1 {1/2-1/2 Suba-Tatai/Dortmund 1981}) (16. Na4 Qb5 (16... Qd6 $6 17.
dxe6 $5 Qxe6 (17... fxe6 $6 18. f7 Bxg2 19. Kxg2 Qc6+ 20. f3 Bd6 21. Bxd8 Kxd8
$13 {Agzamov}) 18. Re1 Qf5 (18... Ne5 19. Qxd8+ (19. Bxb7+ Kxb7 20. Qxd8 Nf3+
21. Kg2 $1 Nxe1+ 22. Rxe1 Qxe1 23. Qd7+ Ka6 24. Qc6+ Ka5 25. Bf4 Rxh2+ 26. Kxh2
Qxf2+ 27. Kh3 Qf1+ 28. Kh4 $18 {Agzamov}) 19... Kxd8 20. Bxb7 Kc7 21. Bg2 Qd7
22. Bf4 Qxa4 23. Bxe5+ Kb6 24. Rad1 $16 {Shirov,A-Piket,J/Aruba m (04)/1995/})
19. Bxb7+ Kxb7 20. Bf4 Qxf6 21. Re8 $1 $16 {Agzamov-Timoshenko/USSR/1982/}) 17.
Re1 $2 Nb8 18. b3 Bxd5 19. Bxd5 Rxd5 20. Qg4 cxb3 21. axb3 Qd3 22. Nb2 $1 Qh7
23. h4 Nc6 24. Red1 Nd4 25. Rd3 $14 {Spassov,L-Sorensen,B/Copenhagen open/1981/
}) (16. a4 bxc3 17. bxc3 Bxd5 18. Bxd5 Ne5 $19 {Kham,MO-O'Donnell,T/Novi Sad
olm/1990/}) 16... Bh6 (16... Qa6 17. dxe6 Bxg2 18. e7 Bxf1 (18... Ba8 19.
exd8=Q+ (19. Nd5 Qe6 20. exf8=Q Rdxf8 (20... Qh3 $2 21. Ne7+ Kc7 22. Bf4+ Kb7
23. Qxh8 Rxh8 24. g4 $18 {Ftacnik}) 21. Ne7+ Kd8 22. f3 Rh5 (22... Qe5 23. Qd2
Rh5 24. Rbd1 Qc7 25. Bf4 Qb7 26. h4 $16) 23. Qd2 Rfh8 24. h4 (24. Rf2 Bxf3 $1
25. Rxf3 Rxh2 26. Qxh2 Rxh2 27. Kxh2 Qe2+ $19 {Ftacnik}) 24... Qe5 25. Kg2 $14
{Uhlmann,W-Schoen/Porz/1990/}) 19... Kxd8 20. Ne2 Kc8 21. Qc2 Qe6 22. f3 (22.
Nf4 Qg4 23. Rfe1 (23. h4 $2 Qxg5 $19) 23... Bh6 $1 (23... Qf3 24. Re8+ Kc7 25.
Rxa8 Qxa8 26. Qxc4 $18 {Shabalov}) 24. Bxh6 Qf3 $10 {Yermolinsky-Shabalov/USSR/
1986/}) 22... Bd6 23. Rbd1 Bc6 24. Nf4 Qe3+ 25. Qf2 Qxf2+ 26. Rxf2 Be5 27. Nd5
Bd4 {+/- Yermolinsky,A-Makarov,M/USSR 41/(490) 1986}) 19. Kxf1 (19. Qd5 Bh6 $1
(19... Bd3 20. Bf4 $3 Qb6 21. Na4 Qb5 22. exd8=Q+ Kxd8 23. Re1 $16) (19... Bxe7
20. fxe7 Rdg8 (20... Bd3 21. Ne4 Bxb1 22. Nd6+ Kc7 23. exd8=Q+ Rxd8 24. Nxf7
Re8 25. Bf4+ Kb6 26. Qd6+ Ka5 27. Qxd7 $16 {Yermolinsky} Re1+ 28. Kg2 Be4+ 29.
f3 Bc6 30. Qd2 $13 {Knaak}) 21. Ne4 Rg6 {Kasparov,G-Kramnik,V/New York PCA 25'/
1994/} 22. Qa8+ $1 (22. Rxf1 {Ftacnik} Qc6 23. Qxc6+ Rxc6 24. Rd1 {Kasparov,
G-Kramnik,V (01)/New York PCA 25' (4)/1994/0.5 (35)}) 22... Nb8 23. Rxf1 Qc6
24. Rd1 $3 Qxa8 25. Rd8+ Kc7 26. Bf4+ Kb6 27. Rxh8 Re6 28. e8=Q Rxe8 29. Rxe8
Qd5 30. Rxb8+ Ka6 31. Nd2 $1 c3 32. bxc3 bxc3 33. Nb3 c4 34. Nc1 c2 35. h4 $18
{Kasparov}) 20. exd8=Q+ (20. Bxh6 Bd3 21. Qa8+ Nb8 22. exd8=Q+ Rxd8 23. Re1
bxc3 24. Bf4 Qb6 25. bxc3 Bf5 26. h4 Be6 27. Kh2 Rd7 28. h5 $16 {Yermolinsky,
A-Gurevich,D/USA-ch/1994/}) 20... Kxd8 $1 21. Ne4 (21. Bxh6 Bd3 $17) (21. Kxf1
bxc3 22. bxc3 Kc7 $1 $17) (21. Rxf1 bxc3 22. Rd1 Qa4 $1 $17 {Yermolinsky})
21... Bh3 $1 $10 {Yermolinsky-Ivanchuk,V/Pinsk/1986/} (21... Bd3 22. Nxc5 Qc8
23. Nxd3 cxd3 24. Rc1 Qb8 25. Qxf7 Qd6 26. Qe7+ $18)) 19... bxc3 (19... Bh6 20.
exd8=Q+ Kxd8 21. Bxh6 Rxh6 22. Ne4 Qc6 23. Qg4 Nxf6 24. Nxf6 Rxf6 25. Rd1+ {
1/2-1/2 Kulcsar,G-Toth,G/HUN-ch32 ;CCS 01 1991}) 20. Qd5 $2 Bxe7 $1 21. fxe7 c2
$1 $17 {Uhlmann,W-Alexandria/Halle/1981/}) (16... Nb8 17. Qg4 Rg8 18. Na4 Qa6
19. dxe6 fxe6 20. Bxb7+ Kxb7 21. f7 {1-0 Schoen,W-Meister,T/BL 9091
Porz-Nürnberg [8] 1991}) 17. Bxh6 (17. f4 $6 Qa6 $1 18. Bxh6 $2 (18. dxe6 $13
Bxg2 $15 (18... Bxg2 {Ftacnik} 19. Kxg2 Qxe6 20. Re1 Ne5 21. Rxe5 Rxd1 22. Rxd1
Qxe5 23. fxe5 bxc3 24. Bxh6 {Wedberg,T-Norqvist,J/Stockholm op/1994/1-0 (52)}))
18... Rxh6 19. Ne4 (19. dxe6 $5) 19... Nxf6 $1 (19... exd5 20. Ng5 $13) 20.
Nxf6 (20. Ng5 Bxd5 21. Nxf7 Rd7 22. Ne5 Bxg2 23. Nxd7 Bxf1 24. Nxf6 Bd3 $17)
20... Rxf6 21. Qg4 {Yusupov,A-Svesnikov,E/USSR/1981/} Rg6 $15 {Sveshnikov} (
21... Bxd5 22. Rbd1 Rf5 23. Qh4 c3 24. Qe7 {Yusupov,A-Sveshnikov,E/USSR ch/
1981/0-1 (37)})) (17. Qc1 Bxg5 18. Qxg5 Nf8 19. Qg4 Qa6 20. dxe6 Nxe6 21. Bxb7+
Qxb7 22. Ne4 Rd4 23. Rfe1 Qd5 24. h4 {Uhlmann,W-Marjanovic,S/Sarajevo/1982/1-0
(61)} Kc7 $13 {Uhlmann,W-Marjanovic/Sarajevo/1982/}) 17... Rxh6 18. b3 cxb3 (
18... bxc3 $2 19. bxc4 Qa6 20. Rxb7 Qxb7 21. dxe6 $16 (21. dxe6 {Ftacnik} Qa6
22. Qc1 Rxf6 23. exd7+ Rxd7 24. Qxc3 $16)) (18... Nxf6 {Ftacnik} 19. bxc4 Ba6
20. Na4 Qa5 21. Re1 $40) 19. Na4 Qb5 (19... Qd6 {Ftacnik} 20. dxe6 Qxd1 (20...
Qxe6 21. Bxb7+ Kxb7 (21... Kc7 22. Bg2 bxa2 23. Rxb4 $1 cxb4 24. Qc1+ Kb8 25.
Qf4+ $18) 22. Nxc5+ Nxc5 23. Qxd8 $18) 21. Bxb7+ Kxb7 22. Rbxd1 fxe6 23. Nxc5+
Kc6 (23... Nxc5 24. Rxd8 Rxf6 (24... bxa2 25. f7 Rf6 26. f8=Q Rxf8 27. Rxf8 b3
28. Rd8 b2 29. Rdd1 Nb3 30. h4 a1=Q 31. Rxa1 bxa1=Q 32. Rxa1 Nxa1 33. h5 $18)
25. axb3 $18) 24. Nxe6 $18) 20. axb3 (20. dxe6 $6 {Ftacnik} Bxg2 21. Kxg2 bxa2
22. Rc1 Qc6+ 23. Kg1 a1=Q 24. exd7+ (24. Rxa1 Ne5 $1 $19 (24... Rxh2 25. Qxd7+
$1)) 24... Rxd7 25. Qxd7+ Kxd7 26. Rxa1 Rxf6 $19) 20... exd5 (20... Nxf6 {
Ftacnik} 21. Rc1 {xc5}) 21. Rc1 (21. Bxd5 $2 {Ftacnik} Ne5 $1 22. Qc1 Bxd5 23.
Qxh6 Nf3+ 24. Kg2 Nd2+ 25. Kg1 Qd3 $1 $40) 21... Kb8 (21... c4 {Ftacnik} 22.
bxc4 (22. Qd4 Rdh8 23. bxc4 Qxa4 24. cxd5+ Kd8 $13) 22... dxc4 23. Qd4 Ba6 (
23... Bxg2 24. Qxc4+ Qxc4 25. Rxc4+ Kb8 26. Kxg2 (26. Rxb4+ Bb7 27. Rfb1 Nb6
28. Nxb6 axb6 29. Rxb6 Rd7 $10) 26... a5 27. Rd1 Rc8 28. Rxc8+ Kxc8 29. Rd5 $16
) 24. Rfd1 (24. Qxa7 Rxf6 25. Nc3 (25. Rfd1 $1) 25... Qb6 (25... bxc3 26. Rb1
$16) 26. Qa8+ Qb8 27. Qxb8+ Kxb8 28. Nd5 b3 29. Nxf6 Nxf6 $13) 24... Qxa4 (
24... Rxf6 25. Qxa7 Rh6 26. Bd5 Qb8 27. Qd4 $16) 25. Rxc4+ Bxc4 26. Qxc4+ Kb8
27. Qf4+ $18) (21... Rdh8 {Ftacnik} 22. Nxc5 Nxc5 23. Qd4 $18) 22. Re1 (22.
Bxd5 $5 {Ftacnik} Ne5 (22... Nxf6 23. Qd2 Qd7 (23... Rdh8 24. Rxc5 $16) 24.
Qxh6 Qxd5 25. Qf4+ Rd6 26. f3 $16) (22... Rdh8 23. h4 Rxf6 24. Bxb7 Qxb7 25.
Nxc5 Nxc5 26. Rxc5 $16) 23. Rxc5 Qxc5 (23... Qd7 24. Qe2 $16) 24. Nxc5 Rxd5 25.
Na6+ $1 $18) 22... Rxf6 (22... Qc6 {Ftacnik} 23. Nxc5 Nxc5 24. Qd4 Nxb3 25.
Qf4+ Qd6 26. Re8 $1 $18) 23. Re7 {קc5,קd5} Qc6 (23... c4 {Ftacnik} 24. bxc4
dxc4 25. Bxb7 Kxb7 26. Nc5+ Qxc5 27. Rxd7+ Rxd7 28. Qxd7+ Qc7 29. Qxc7+ Kxc7
30. Rxc4+ Rc6 31. Rxb4 $16) (23... Rh8 {Ftacnik} 24. Nxc5 $1 Nxc5 25. Qd4 Nd7
26. Rxd7 Qxd7 27. Qxf6 Rd8 28. Re1 $16) 24. h4 {/\Nxc5} (24. Nxc5 $5 Nxc5 25.
Qd4 Nxb3 (25... Rc8 26. Rxc5 Qxc5 27. Qxf6 $16) 26. Rxc6 Nxd4 27. Rxf6 $14)
24... Qd6 $8 25. Rxd7 (25. Qe2 {Ftacnik} Re6 26. Rxe6 fxe6) 25... Rxd7 26. Nxc5
Rc7 27. Nxb7 (27. Qd4 $6 {Ftacnik} Qe7 {/\ Rfc6}) 27... Rxc1 (27... Kxb7 {
Ftacnik} 28. Bxd5+ $16) 28. Qxc1 Kxb7 29. Qg5 $44 Kc7 (29... Kc6 {Ftacnik} 30.
Bxd5+ $1) 30. Bxd5 Qb6 $132 {קf2} 31. Qe5+ Kd8 (31... Rd6 {Ftacnik} 32. Bxf7
$18) 32. Bf3 a5 (32... Rxf3 $4 33. Qd5+ $16) 33. Kg2 Rd6 $6 (33... Re6 $1 $15)
(33... a4 {Ftacnik} 34. bxa4 b3 35. a5 Qd6 36. Qc3 Qe6 37. Bd1 Qd5+ 38. f3 Qxd1
39. Qxf6+ Ke8 40. a6 $16) 34. h5 a4 $6 (34... Re6 $15) 35. bxa4 b3 36. Qg5+ Ke8
(36... f6 {Ftacnik} 37. Qg8+ Ke7 38. h6 b2 39. h7 Rd8 40. Qg7+ Ke6 41. Bg4+ Kd5
42. a5 $18) 37. a5 $1 Qd4 $2 (37... Qa6 $8 38. Bd5 Kf8 39. Qf5 $16) (37... b2 {
Ftacnik} 38. axb6 b1=Q 39. b7 $18) (37... Qb4 {Ftacnik} 38. h6 b2 39. h7 Qd4
40. a6 $3 b1=Q 41. a7 Qa2 (41... Ra6 42. Bc6+ $1 Kf8 43. Qg8+ Ke7 44. Qe8+ Kd6
45. Qd7+ Kc5 46. Qxd4+ Kxd4 47. h8=Q+ $18) 42. a8=Q+ Qxa8 43. Bxa8 $18) 38.
Qb5+ $18 Kf8 39. Qxb3 Kg7 40. Qb5 Kh6 41. g4 Qf6 (41... Qf4 {Ftacnik} 42. a6
$18) 42. Be2 Rd2 43. a6 Qe7 (43... Ra2 {Ftacnik} 44. Qc4 Ra1 45. Qc5 Qd8 46. a7
Qa8+ 47. Bf3 Qxa7 48. Qf8+ Kg5 49. Qg7+ Kf4 50. Qf6#) 44. Qb6+ Kg7 (44... Rd6 {
Ftacnik} 45. Qb8 $18) 45. Bf3 Rd7 46. Qb2+ Kh7 (46... Qf6 {Ftacnik} 47. h6+ Kg6
48. Be4+ Kg5 49. Qb5+ $18) (46... f6 {Ftacnik} 47. g5 $18) 47. Qb5 Rd2 (47...
Qe6 {Ftacnik} 48. Qc5 $18) 48. Qf5+ Kh8 (48... Kh6 {Ftacnik} 49. Qf4+ Qg5 50.
Qxg5+ Kxg5 51. a7 $18) 49. Be4 f6 (49... Kg7 {Ftacnik} 50. Qh7+ Kf6 51. Qh6+
Ke5 52. Qxd2 $18) 50. Qc8+ Kg7 51. h6+ Kf7 (51... Kxh6 {Ftacnik} 52. Qh8+ Kg5
53. Qh5+ Kf4 54. Qf5#) 52. Qc4+ (52. Qc4+ {Ftacnik} Kf8 53. h7 $18) 1-0

[Event "Scandic Hotels CC"]
[Site "Stockholm"]
[Date "1999.08.08"]
[Round "9"]
[White "Ahlander, Bjorn"]
[Black "Tella, Jussi"]
[Result "1/2-1/2"]
[WhiteElo "2436"]
[BlackElo "2434"]
[Annotator "Hecht,H"]
[PlyCount "111"]
[EventDate "1999.07.31"]
[EventType "tourn"]
[EventRounds "9"]
[EventCountry "SWE"]
[EventCategory "9"]
[SourceTitle "CBM 073"]
[Source "ChessBase"]
[SourceDate "1999.12.01"]
[SourceVersion "1"]
[SourceVersionDate "1999.12.01"]
[SourceQuality "1"]

1. d4 d5 2. c4 c6 3. Nc3 Nf6 4. Nf3 e6 5. Bg5 dxc4 6. e4 b5 7. e5 h6 8. Bh4 g5
9. Nxg5 hxg5 10. Bxg5 Nbd7 11. exf6 Bb7 12. g3 c5 13. d5 Qb6 14. Bg2 O-O-O 15.
O-O b4 16. Na4 Qa6 17. a3 Bxd5 18. Bxd5 Ne5 19. axb4 Rxd5 20. Qe2 cxb4 21. Nc3
Ra5 22. Rxa5 Qxa5 23. Ne4 Nd3 24. b3 Qe5 25. Rd1 Qb2 26. Nd2 Bc5 27. Be3 Qc2
28. Bxc5 Nxc5 29. Ra1 Rd8 30. Qf3 Rxd2 31. Qc6+ Kd8 32. Qxc5 Rd1+ 33. Kg2 Qe4+
34. f3 Qc2+ 35. Kh3 Qh7+ 36. Kg2 Rd2+ 37. Kf1 Qd3+ 38. Kg1 Qd4+ 39. Qxd4+ Rxd4
40. bxc4 b3 41. Kf2 b2 42. Rb1 Rd2+ 43. Ke3 Rxh2 44. Kd4 Rf2 45. g4 Kc7 46. g5
Rxf3 47. Rxb2 Rf4+ 48. Kc3 Rf5 49. Rb5 Rxb5 50. cxb5 {[#] Trotz des großen
weißen Raumvorteils rettet sich Schwarz mit Hilfe der "zugeordneten Felder".}
Kd6 51. Kd4 e5+ (51... Kd7 52. Kc5 Kd8 (52... Kc7 53. g6 fxg6 54. f7 $18) 53.
Kc6 Ke8 54. Kb7 e5 55. Kxa7 e4 56. b6 e3 57. b7 e2 58. b8=Q+ $18 {mit Schach!})
52. Ke3 Kd7 $8 {Schwarz muss Ke4 mit Ke6 beantworten können und gleichzeitig
auf den Durchbruch g6 achten.} (52... Ke6 53. Ke4 Kd6 54. Kf5 Kd5 55. g6 fxg6+
56. Kxg6 e4 57. f7 $18) (52... Kd5 53. g6 Ke6 54. g7 $18) (52... Kc7 53. g6
fxg6 54. f7 $18) 53. Kf3 Kd6 54. Ke3 (54. Kg4 Ke6 55. Kh5 Kf5 56. Kh6 e4 57. g6
e3 58. gxf7 e2 59. f8=Q e1=Q 60. Qe7 (60. f7 Qh4+ 61. Kg7 Qf6+ 62. Kh7 Qg6+ 63.
Kh8 Kf6 $11) 60... Qh4+ 61. Kg7 Qg5+ 62. Kf7 Qg6+ 63. Kf8 Qxf6+ $11) 54... Kd7
55. Kf3 Kd6 56. Ke3 1/2-1/2

[Event "Danzhou 7th"]
[Site "Danzhou"]
[Date "2016.07.15"]
[Round "7"]
[White "Ding, Liren"]
[Black "Yu, Yangyi"]
[Result "1-0"]
[WhiteElo "2778"]
[BlackElo "2734"]
[Annotator "Iotov,V"]
[PlyCount "129"]
[EventDate "2016.07.08"]
[EventType "tourn"]
[EventRounds "9"]
[EventCountry "CHN"]
[EventCategory "20"]
[SourceTitle "CBM 174"]
[Source "ChessBase"]
[SourceDate "2016.09.13"]
[SourceVersion "1"]
[SourceVersionDate "2016.09.13"]
[SourceQuality "1"]

1. d4 Nf6 2. c4 e6 3. Nf3 d5 4. Nc3 c6 5. Bg5 dxc4 6. e4 b5 7. e5 h6 8. Bh4 g5
9. Nxg5 hxg5 10. Bxg5 Nbd7 11. g3 Bb7 12. Bg2 Qb6 13. exf6 O-O-O 14. O-O c5 15.
d5 b4 {So far, a typical Botvinnik variation that has been explored from every
possible angle.} 16. Na4 ({The other interesting alternative - also known as
the "old" theory - is} 16. Rb1 $5 Qa6 17. dxe6 Bxg2 18. e7 Bxf1 19. Qd5 Bxe7
20. fxe7 Bd3 21. exd8=Q+ Rxd8 22. Ne4 Bxb1 23. Nd6+ Kc7 24. Bf4 Kb6 25. Nxc4+
Kb5 26. Nd6+ Kb6 27. a4 bxa3 28. Nc4+ Qxc4 29. Qxc4 a2 30. Qb3+ Kc6 31. Qf3+
Kb6 32. Qb3+ Kc6 33. Qf3+ Kb6 34. Qb3+ {1/2-1/2 Bologan,V (2607)-Inarkiev,E 
(2660)/Poikovsky RUS 2015}) 16... Qb5 17. a3 Nb8 18. axb4 cxb4 19. Qg4 Bxd5 20.
Rfc1 Nc6 21. Bxd5 Rxd5 22. Rxc4 Rxg5 23. Qd4 Kb8 24. Rxc6 Rxg3+ 25. fxg3 Qxc6
26. Rd1 Qc7 27. b3 Kc8 {More theory...} 28. Qe4 (28. Qd3 Bc5+ 29. Nxc5 Qxc5+
30. Kf1 (30. Qd4 Qxd4+ 31. Rxd4 a5 32. h4 Rh6 $11) 30... Qc3 31. Qxc3+ bxc3 32.
h4 e5 33. Ke2 c2 34. Rc1 Kd7 35. Rxc2 Ke6 36. Rc6+ Kf5 37. Kf3 e4+ 38. Ke3 Rb8
39. Rc5+ Kxf6 40. Kxe4 Rxb3 41. Ra5 Rxg3 42. Kf4 Rg1 43. Rxa7 Kg7 {1/2-1/2
Kramnik,V (2769)-Anand,V (2793)/London ENG 2014}) (28. Qe3 $5 Kb8 29. Qd2 Bc5+
30. Nxc5 Qxc5+ 31. Qd4 Qc3 $11 {eventually transposes into the game.}) 28...
Kb8 29. Qd4 (29. Rd4 Bd6 30. h4 Rg8 31. g4 Qc1+ 32. Kg2 Rc8 33. Rxd6 Rc2+ 34.
Kg3 Qg1+ 35. Kf4 Qf2+ 36. Kg5 Rc8 37. Qxb4+ Ka8 38. Qe4+ Kb8 39. Qb4+ Ka8 40.
Qe4+ Kb8 41. Qb4+ {1/2-1/2 Shimanov,A (2637)-Popov,I (2651)/Loo RUS 2014})
29... Kc8 30. Qe4 Kb8 31. Qd3 Bc5+ (31... Bh6 $5 $132) 32. Nxc5 Qxc5+ 33. Qd4
Qc3 34. Qf4+ (34. Qxc3 bxc3 35. Rc1 Rc8 36. Kf2 Rc5 37. Ke3 Kc7 38. Kd4 Kd6 39.
Rxc3 Rxc3 40. Kxc3 Ke5 41. Kd3 Kxf6 42. Ke4 a5 $11) 34... Ka8 (34... e5 $5 35.
Qe4 Rc8 $11) 35. Qe4+ Kb8 36. Rd4 Qc1+ 37. Kg2 Qb2+ 38. Kf3 Qc3+ 39. Kg4 Rg8+
40. Kh4 Rh8+ 41. Kg5 Qc1+ $4 {Enters a rook endgame in which White has a
better pawn structure and more active pieces! It is pretty much the move that
ultimately decides the game.} (41... Qc5+ 42. Kg4 Rg8+ 43. Kf3 a5 $13 {with
chances for both sides.}) 42. Qf4+ Qxf4+ 43. Kxf4 Rxh2 44. Rxb4+ Kc7 45. Kg5
$18 Rh8 {Passive rooks are never a good idea in rook endgames! However, there
don't seem to be plenty of options at the moment...} (45... Rh3 46. g4 Rf3 47.
Rc4+ Kb8 48. Rc1 $1 a5 49. Rh1 $18 {[%csl Rf7][%cal Gh1h7,Gh7f7]}) 46. g4 Rg8+
47. Kf4 Rd8 48. Ra4 Kb6 49. Ra1 a5 50. Rh1 Kc5 51. Rh7 Rd7 52. g5 {The rest is
really a matter of time.} Kd6 53. Rh3 e5+ 54. Kf5 e4 55. Kxe4 Ke6 56. Rh8 Rb7
57. Re8+ Kd6 58. Kf5 Rb5+ 59. Kg4 Rb4+ 60. Kh5 Rxb3 61. Re7 Rh3+ 62. Kg4 Rh7
63. Ra7 Ke6 64. Ra6+ Kd7 65. g6 {This is the very problem of playing such a
complicated theory variation. Most games of this stype end up with a blunder
due time trouble or lack of focus. Either way, awesome technique by Ding in
the rook endgame!} 1-0